000 00628nam a2200193Ia 4500
008 151121s9999||||xx |||||||||||||| ||und||
082 _a813/आपटे
082 _bHNW-6792
100 _aआपटे नारायण हरि
245 _aग्रीष्मागमन
260 _b"आपटे आणि मंडळी, पुणे।"
260 _c--
300 _a220
600 _aआपटे नारायण हरि
630 _aग्रीष्मागमन
700 _aआपटे नारायण हरि
730 _aग्रीष्मागमन
942 _cBOOK
999 _c1214026
_d1214023